Latin Words (hard) - Statistics

General Stats
  • This quiz has been taken 152 times
  • The average score is 5 of 15
Answer Stats
Word Answer % Correct
digitus finger
67%
-que and
58%
dominus master
52%
numquam never
49%
trans across
45%
neco kill
39%
muto change
38%
sacerdos priest
36%
pectus breast
29%
umquam ever
27%
ceno dine
20%
nascor be born
14%
princeps chief
13%
heu ah
6%
postremum finally
6%
No matching quizzes found
Score Distribution
Percent of People with Each Score
Percentile by Number Answered
Your Score History
You have not taken this quiz